<?xml version="1.0" encoding="UTF-8"?>
<marc:record xmlns:marc="http://www.loc.gov/MARC21/slim">
   <marc:leader>00000nam a2200000 a 4500</marc:leader>
   <marc:datafield ind1="0" ind2="0" tag="245">
      <marc:subfield code="a">Kinder- und Hausmärchen</marc:subfield>
   </marc:datafield>
   <marc:datafield ind1="0" ind2="0" tag="245">
      <marc:subfield code="b">Märchen Nr. 1 - 86</marc:subfield>
   </marc:datafield>
   <marc:datafield ind1=" " ind2="1" tag="264">
      <marc:subfield code="a">Stuttgart</marc:subfield>
      <marc:subfield code="b">Reclam</marc:subfield>
      <marc:subfield code="c">2014</marc:subfield>
   </marc:datafield>
   <marc:datafield ind1="1" ind2=" " tag="520">
      <marc:subfield code="a">Angaben aus der Verlagsmeldung &#xD;
&#xD;
 Kinder- und Hausmärchen  : Ausgabe letzter Hand mit den Originalanmerkungen der Brüder Grimm. Drei Bde. geb. in Kassette  / von Brüder Brüder Grimm&#xD;
&#xD;
Die Märchen der Brüder Grimm sind das am weitesten verbreitete Buch deutscher Sprache. Viele Ausgaben sind in irgendeiner Form, meist für Kinder, bearbeitet. Diese Gesamtausgabe bietet die Märchen so, wie sie von den Brüdern Grimm selbst herausgegeben wurden.&#xD;
&#xD;
Dabei ist sie im doppelten Sinne konkurrenzlos: Sie umfasst zum einen nicht nur alle Märchen nach der »Ausgabe letzter Hand« von 1857, sondern auch alle von den Grimms dort nicht mehr aufgenommenen Märchen früherer Auflagen. Zum anderen enthält die Ausgabe auch alle Originalanmerkungen der Brüder Grimm. Ein umfangreicher Anhang bietet exakte Herkunftsnachweise zu jedem Märchen, verzeichnet alle Beiträger und Vermittler, nennt die Erscheinungsjahre der verschiedenen Märchen-Fassungen und bietet viele weitere Informationen.</marc:subfield>
   </marc:datafield>
   <marc:datafield ind1=" " ind2=" " tag="020">
      <marc:subfield code="a">9783150300480</marc:subfield>
      <marc:subfield code="9">9783150300480</marc:subfield>
   </marc:datafield>
   <marc:datafield ind1=" " ind2=" " tag="041">
      <marc:subfield code="a">ger</marc:subfield>
   </marc:datafield>
   <marc:datafield ind1=" " ind2=" " tag="300">
      <marc:subfield code="b">Ill.</marc:subfield>
   </marc:datafield>
   <marc:datafield ind1=" " ind2=" " tag="338">
      <marc:subfield code="a">Band</marc:subfield>
   </marc:datafield>
   <marc:datafield ind1=" " ind2=" " tag="300">
      <marc:subfield code="a">400 S.</marc:subfield>
   </marc:datafield>
</marc:record>
